Presas gigantescas y aguas apacibles (Registro nro. 5218)

Detalles MARC
000 -LEADER
fixed length control field 00861 a2200193 4500
001 - CONTROL NUMBER
control field 53363
005 - DATE AND TIME OF LATEST TRANSACTION
control field 20260407155808.0
008 - FIXED-LENGTH DATA ELEMENTS--GENERAL INFORMATION
fixed length control field 260407a1966 arg spa d
003 - CONTROL NUMBER IDENTIFIER
control field AR-UNSa-BCEJYS
040 ## - CATALOGING SOURCE
Original cataloging agency AR-UNSa-BCEJYS
Language of cataloging spa
Transcribing agency AR-UNSa-BCEJYS
080 ## - UNIVERSAL DECIMAL CLASSIFICATION NUMBER
Universal Decimal Classification number 556.54
Common auxiliary subdivision Desembocaduras. Estuarios. Deltas. Aguas fluvio-marinas (cuenca)
100 1# - MAIN ENTRY--PERSONAL NAME
Personal name Droze, Wilmon Henry
245 10 - TITLE STATEMENT
Title Presas gigantescas y aguas apacibles
264 #1 - PRODUCTION, PUBLICATION, DISTRIBUTION, MANUFACTURE, AND COPYRIGHT NOTICE
Place of production, publication, distribution, manufacture México :
Name of producer, publisher, distributor, manufacturer Limusa-Wiley
Date of production, publication, distribution, manufacture, or copyright notice 1966
300 ## - PHYSICAL DESCRIPTION
Extent 205 p.
Dimensions 21 cm.
505 ## - FORMATTED CONTENTS NOTE
Formatted contents note 1. El viejo río desafía el mejoramiento,1779-1930 - 2. Navegación,planeación y política - 3. Ensanche del cauce,1936-1945 - 4. Fomento del tránsito fluvial - 5. Acrecentamiento del tráfico en el río - 6. La navegación del río Tenesí: Un factor ene l desarrollo económico del Sur
590 ## - LOCAL NOTE (RLIN)
Local note niveau_biblio:m niveau_hierar:0
942 ## - ADDED ENTRY ELEMENTS (KOHA)
Koha item type
Existencias
Withdrawn status Lost status Damaged status Not for loan Home library Current library Shelving location Date acquired Total checkouts Full call number Barcode Date last seen Price effective from Koha item type
        Biblioteca Prof. Eusebio Cleto del Rey Biblioteca Prof. Eusebio Cleto del Rey   07/04/2026   556.54 D793 L21152 07/04/2026 07/04/2026 Libro